| 000 | 00444nam a22001697a 4500 | ||
|---|---|---|---|
| 003 | MACL | ||
| 005 | 20160116142737.0 | ||
| 008 | 160116b xxu||||| |||| 00| 0 eng d | ||
| 040 | _cMACL | ||
| 041 | _aEnglish | ||
| 082 | _a300/REE | ||
| 100 |
_aReed,Ananya Mukherjee _932887 |
||
| 245 | _aHuman Development and Social Power Perspectives From South Asia | ||
| 260 |
_aNew York _bRoutledge _c2009 |
||
| 650 |
_aSocial _932888 |
||
| 942 |
_2ddc _cBK |
||
| 999 |
_c52634 _d52634 |
||